=LDR 00000nam 2200000 4500 =001 INLIS000000000028634 =005 20130612130925 =008 ***********************************Ind** =035 ##$$0010-061300000028634 =041 ##$$a Ind =082 ##$$a 574 =090 ##$$a 574, Pen p =245 ##$$a Penuntun pelajaran biologi berdasarkan kurikulum 1984 desesuaikan dengan GBPP 1987 untuk SMA kelas 1 =260 ##$$a 1987 $b Bandung =300 ##$$a 315 hlm, ilus, 21 cm =650 ##$$a Biologi =850 ##$$a NBPNMAT